000 00272nam a22001097a 4500
008 170123b xxu||||| |||| 00| 0 eng d
020 _a9781437701517
041 _aeng
080 _26TH
_a618.2
245 _aPHYSICAL EXAMINATION & HEALTH ASSESSMENT
_cJARVIS
942 _2udc
_cBK
999 _c3414
_d3414